| 000 | 00583nam a2200157 a 4500 | ||
|---|---|---|---|
| 008 | 120416s1972 ||||||||||||||||| || u | ||
| 050 | _aDT 444 Soc | ||
| 100 | _aCliffe, Lionel | ||
| 245 | 1 | 0 |
_aSocialism in Tanzania, vol. 1 politics _cedited by Lionel Cliffe |
| 246 | _aan interdisciplinary reader | ||
| 260 |
_aLondon _bEast African Publishing _c1972 |
||
| 300 | _axx, 346p. : ill. | ||
| 350 | _a0.00 | ||
| 700 | _aSaul, J. S | ||
| 995 |
_D0.00 _FCBU-MAIN LIBRARY (Kitwe) _H1 _I4.50 _UAVAILABLE _ZMain Library Open Access Collection |
||
| 999 |
_c57765 _d57765 |
||